000
00235 a2200097 4500
001
14687
100
_a
Hasan Askari
245
_a
Society state in Islam an introduction
260
_a
London
_b
Progressive books
_c
090
_c
11472
_d
11472
942
_a
NUST-CAE
_c
M
_c
1639
999
_c
249760
_d
249760